Szczegóły MARC
| 000 -ETYKIETA REKORDU |
| podpole kontrolne o stałej długości |
01908nam a2200541 i 4500 |
| 001 - NUMER KONTROLNY REKORDU |
| pole kontrolne |
16673 |
| 003 - IDENTYFIKATOR NUMERU KONTROLNEGO REKORDU |
| podpole kontrolne |
KOSZ 005 |
| 005 - DATA OSTATNIEJ MODYFIKACJI REKORDU |
| podpole kontrolne |
20201215105730.0 |
| 008 - POLE O STAŁEJ DŁUGOŚCI - DANE KONTROLNE |
| podpole kontrolne o stałej długości |
201215s1975 pl a f 000 0 pol |
| 015 ## - NUMER BIBLIOGRAFII NARODOWEJ |
| Numer bibliografii narodowej |
UWD 1976/198 |
| 035 ## - NUMER SYSTEMOWY |
| Numer systemowy przejętego rekordu |
991023347709705066 |
| 035 ## - NUMER SYSTEMOWY |
| Numer systemowy przejętego rekordu |
(PL-WaBN)b16398117-48omnis_nlop |
| 035 ## - NUMER SYSTEMOWY |
| Numer systemowy przejętego rekordu |
b16398117 |
| 035 ## - NUMER SYSTEMOWY |
| Numer systemowy przejętego rekordu |
(OCoLC)749854220 |
| 035 ## - NUMER SYSTEMOWY |
| Numer systemowy przejętego rekordu |
(PL)b0000001639811 |
| 035 ## - NUMER SYSTEMOWY |
| Numer systemowy przejętego rekordu |
(EXLNZ-48OMNIS_NETWORK)9910177013605606 |
| 040 ## - ŹRÓDŁO KATALOGOWANIA |
| Instytucja, która sporządziła opis |
WA N |
| Instytucja, która utworzyła rekord |
WA N |
| Instytucja, która dokonała modyfikacji |
KOSZ 005/RW |
| 041 1# - KOD JĘZYKA |
| Kod języka tekstu |
pol |
| Kod języka oryginału |
rus |
| 046 ## - DATY KODOWANE |
| Pojedyncza data lub początek okresu powstania dzieła lub zbioru dzieł |
1972 |
| 080 ## - UNIWERSALNA KLASYFIKACJA DZIESIĘTNA - UKD |
| UKD |
338.5 |
| 080 ## - UNIWERSALNA KLASYFIKACJA DZIESIĘTNA - UKD |
| UKD |
658.8 |
| 100 1# - NAZWA OSOBOWA |
| Nazwa osobowa |
Kozlova, Kama Borisovna |
| Określenie rodzaju współpracy |
Autor |
| 245 10 - TYTUŁ/ODPOWIEDZIALNOŚĆ |
| Tytuł |
Teoria ceny / |
| Pozostałe elementy strefy tytułu i oznaczenia odpowiedzialności |
Kama Kozłowa, Rewold Entow ; [tłumaczyli z rosyjskiego Jan Lenart, Anna Rosłan]. |
| 246 1# - WARIANT TYTUŁU |
| Treść wyrażenia wprowadzającego |
Tytuł oryginału: |
| Tytuł |
Teoriâ ceny, |
| Numeracja zeszytu |
1972 |
| 260 ## - STREFA ADRESU WYDAWNICZEGO |
| Miejsce wydania |
Warszawa : |
| Nazwa wydawcy/dystrybutora |
Państwowe Wydawnictwo Ekonomiczne, |
| Data publikacji, dystrybucji/powstania dokumentu |
1975. |
| 300 ## - STREFA OPISU FIZYCZNEGO |
| Objętość |
240 stron : |
| Inne cechy fizyczne |
tabele, wykresy ; |
| Rozmiary |
21 cm. |
| 336 ## - TYP ZAWARTOŚCI |
| Termin opisujący typ zawartości |
Tekst |
| Kod określający zawartość |
txt |
| Źródło (terminu i kodu) |
rdacontent |
| 337 ## - TYP MEDIÓW |
| Tryb odtwarzania |
Bez urządzenia pośredniczącego |
| Kod typu mediów |
n |
| Źródło (terminu i kodu) |
rdamedia |
| 338 ## - TYP/RODZAJ NOŚNIKA |
| Hasło opisujące typ nośnika |
Wolumin |
| Kod typu nośnika |
nc |
| Źródło (terminu i kodu) |
rdacarrier |
| 380 ## - FORMA I TYP PUBLIKACJI |
| Forma i typ publikacji |
Książki |
| 380 ## - FORMA I TYP PUBLIKACJI |
| Forma i typ publikacji |
Publikacje naukowe |
| 388 1# - CZAS POWSTANIA |
| Czas powstania |
1901-2000 |
| 388 1# - CZAS POWSTANIA |
| Czas powstania |
1945-1989 |
| 490 1# - STREFA SERII I DOKUMENTU WIELOCZĘŚCIOWEGO - FORMA NIE DO WYSZUKIWANIA |
| Tytuł i oznaczenie odpowiedzialności serii |
Krytyka Burżuazyjnej Ideologii i Rewizjonizmu |
| 650 #7 - HASŁO PRZEDMIOTOWE W FORMIE NAZWY OGÓLNEJ LUB JEDNOSTKOWEJ |
| Nazwa ogólna lub geograficzna |
Ceny |
| Źródło hasła lub terminu |
DBN |
| 650 #7 - HASŁO PRZEDMIOTOWE W FORMIE NAZWY OGÓLNEJ LUB JEDNOSTKOWEJ |
| Nazwa ogólna lub geograficzna |
Kapitalizm |
| 650 #7 - HASŁO PRZEDMIOTOWE W FORMIE NAZWY OGÓLNEJ LUB JEDNOSTKOWEJ |
| Nazwa ogólna lub geograficzna |
Ekonomia polityczna kapitalizmu |
| 655 #7 - TERMIN INDEKSOWY - OKREŚLENIE RODZAJU/FORMY DOKUMENTU |
| Określenie rodzaju/formy dokumentu |
Opracowanie |
| 658 ## - TERMIN INDEKSOWY - PRZEDMIOT PROGRAMU NAUCZANIA |
| Główny przedmiot programu nauczania |
Gospodarka, ekonomia, finanse |
| 700 1# - HASŁO DODATKOWE - NAZWA OSOBOWA |
| Nazwa osobowa |
Èntov, Revol'd Mihajlovič |
| Daty związane z nazwą |
(1931- ) |
| Określenie związku między hasłem a opisywanym materiałem |
Autor |
| 700 1# - HASŁO DODATKOWE - NAZWA OSOBOWA |
| Nazwa osobowa |
Lenart, Jan |
| Określenie związku między hasłem a opisywanym materiałem |
Tłumaczenie |
| 700 1# - HASŁO DODATKOWE - NAZWA OSOBOWA |
| Nazwa osobowa |
Rosłan, Anna |
| Określenie związku między hasłem a opisywanym materiałem |
Tłumaczenie |
| 710 2# - HASŁO DODATKOWE - NAZWA CIAŁA ZBIOROWEGO |
| Nazwa ciała zbiorowego lub jednostki geograficznej |
Państwowe Wydawnictwo Ekonomiczne |
| Kod określenia powiązania |
pbl |
| 830 #0 - HASŁO DODATKOWE SERII LUB DOKUMENTU WIELOCZĘŚCIOWEGO - TYTUŁ UJEDNOLICONY |
| Tytuł ujednolicony |
Krytyka Burżuazyjnej Ideologii i Rewizjonizmu |
| 856 ## - LOKALIZACJA I DOSTĘP DO ELEKTRONICZNYCH DOKUMENTÓW ZDALNYCH |
| Link (URL) |
http://koha.tu.koszalin.pl/cgi-bin/koha/opac-detail.pl?biblionumber=16673 |
| Tekst linku |
Katalog online BPK |
| 942 ## - DODATKOWE ELEMENTY (KOHA) |
| Schemat klasyfikacji |
Uniwersalna Klasyfikacja Dziesiętna |
| Typ dokumentu |
Książka |